Justo Arosemena. La cuestión americana (contra la expansión colonialista de Estados Unidos)

Shranjeno v:
Bibliografske podrobnosti
Korporativna značnica: Instituto del Canal de Panamá y Estudios Internacionales
Format: Texto
Izdano: Panamá: Instituto del Canal de Panamá y Estudios Internacionales
Oznake: Označite
Brez oznak, prvi označite!

MARC

LEADER 00000 a a2200000 04500
001 23379
003
040
090 |a 162700  
110 |a Instituto del Canal de Panamá y Estudios Internacionales  
245 |a Justo Arosemena. La cuestión americana (contra la expansión colonialista de Estados Unidos)  
260 |a Panamá:   |b Instituto del Canal de Panamá y Estudios Internacionales  
300 |a 41 p.  
999 |c 13711  |d 13711